Szczegóły MARC21

Strategic organizational communication in a global economy /

005 -DATA I CZAS OSTATNIEJ MODYFIKACJI [,]
    • @
    • pole kontrolne
    • 20140616092711.0
020 -Międzynarod. znormalizowany nr książki - ISBN [ , ]
    • a
    • Numer ISBN
    • 9781444338638 Find
040 -Instytucja sporządzająca opis [ , ]
    • a
    • Instytucja, która sporządziła opis (NP)
    • SZCZ U/JG
    • c
    • Instytucja, która sporządziła rekord (NP)
    • SZCZ U/JG
    • d
    • Instytucja, która zmodyfikowała rekord (P)
    • SZCZ U/RJ
041 -Język dokumentu [0, ]
    • a
    • Język tekstu (P)
    • angielski
044 -Kraj miejsca wydania [ , ]
    • a
    • Kraj miejsca wydania
    • Wielka Brytania
942 -Rodzaj dokumentu [ , ]
    • c
    • Rodzaj dokumentu
    • Książka
100 -Hasło główne - nazwa osobowa [1, ]
    • 9
    • KHW
    • 71565
    • a
    • Nazwa osobowa (NP)
    • Conrad, Charles.
245 -Strefa tytułu i oznaczenia odpowiedzialności [1,0]
    • a
    • Tytuł
    • Strategic organizational communication in a global economy / Find
    • c
    • Pozostałe elementy strefy tytułu i oznaczenia odpowiedzialności (NP)
    • Charles Conrad and Marshall Scott Poole.
250 -Strefa wydania [ , ]
    • a
    • Oznaczenie wydania (NP)
    • 7th ed.
260 -Strefa adresu wydawniczego [ , ]
    • a
    • Miejsce wydania (P)
    • Chichester, U.K. :
    • b
    • Nazwa wydawcy (P)
    • Wiley-Blackwell,
    • c
    • Data wydania (P)
    • 2012.
300 -Strefa opisu fizycznego [ , ]
    • a
    • Określenie formy książki i/lub objętość (NP)
    • XIV, 506 s. :
    • b
    • Oznaczenie ilustracji (NP)
    • il. ;
    • c
    • Format (NP)
    • 25 cm.
504 -Uwaga dot. bibliogr. załącznikowej [ , ]
    • a
    • Uwaga dot. bibliografii załącznikowej
    • Bibliogr. Ind.
080 -Uniwersalna Klasyfikacja Dziesiętna [ , ]
    • 2
    • Identyfikator wydania tablic
    • UDC-P058
    • 9
    • UKD
    • 2940
    • a
    • Symbol klasyfikacji
    • 33
    • b
    • Dopowiedzenie
    • Nauki ekonomiczne. Gospodarka. Ekonomia.
    • 4
    • UKD2
    • 7644
    • x
    • Poddział wspólny
    • =111
    • c
    • Dopowiedzenie poddz. wspólnego
    • =Język angielski.
080 -Uniwersalna Klasyfikacja Dziesiętna [ , ]
    • 2
    • Identyfikator wydania tablic
    • UDC-P058
    • 9
    • UKD
    • 2181
    • a
    • Symbol klasyfikacji
    • 005.44
    • b
    • Dopowiedzenie
    • Zarządzanie. Globalizacja. Zarządzanie międzynarodowe.
    • 4
    • UKD2
    • 7644
    • x
    • Poddział wspólny
    • =111
    • c
    • Dopowiedzenie poddz. wspólnego
    • =Język angielski.
080 -Uniwersalna Klasyfikacja Dziesiętna [ , ]
    • 2
    • Identyfikator wydania tablic
    • UDC-P058
    • 9
    • UKD
    • 2834
    • a
    • Symbol klasyfikacji
    • 316.77
    • b
    • Dopowiedzenie
    • Socjologia komunikowania. Komunikacja społeczna. Wpływ środków masowego przekazu, decydentów, cenzury. Sprzężenie zwrotne komunikowania. Kultura audiowizualna.
    • 4
    • UKD2
    • 7644
    • x
    • Poddział wspólny
    • =111
    • c
    • Dopowiedzenie poddz. wspólnego
    • =Język angielski.
080 -Uniwersalna Klasyfikacja Dziesiętna [ , ]
    • 2
    • Identyfikator wydania tablic
    • UDC-P058
    • 9
    • UKD
    • 2170
    • a
    • Symbol klasyfikacji
    • 005.32
    • b
    • Dopowiedzenie
    • Zarządzanie. Psychologia zarządzania. Zachowania organizacyjne.
    • 4
    • UKD2
    • 7644
    • x
    • Poddział wspólny
    • =111
    • c
    • Dopowiedzenie poddz. wspólnego
    • =Język angielski.
080 -Uniwersalna Klasyfikacja Dziesiętna [ , ]
    • 2
    • Identyfikator wydania tablic
    • UDC-P058
    • 9
    • UKD
    • 5602
    • a
    • Symbol klasyfikacji
    • 658.1/.5:005.2
    • b
    • Dopowiedzenie
    • Zarządzanie strategiczne przedsiębiorstwa.
    • 4
    • UKD2
    • 7644
    • x
    • Poddział wspólny
    • =111
    • c
    • Dopowiedzenie poddz. wspólnego
    • =Język angielski.
980 -Symbol UKD [ , ]
    • a
    • UKD
    • 33:005.44:316.77:005.32:658.1/.5:005.2]=111
700 -Hasło dodatkowe - nazwa osobowa [1, ]
    • 9
    • KHW
    • 71566
    • a
    • Nazwa osobowa (NP)
    • Poole, Marshall Scott Find
    • d
    • Daty biograficzne (NP)
    • (1951- ).
710 -Hasło dodatkowe - nazwa ciała zbiorowego [2, ]
    • 4
    • Kod relacji
    • pbl
    • 9
    • KHW
    • 50868
    • a
    • Nazwa ciała zbiorowego lub nazwa geograficzna jako pierwszy element (NP)
    • John Wiley & Sons.
920 -ISBN [ , ]
    • a
    • ISBN
    • 978-1-4443-3863-8 (pbk) Find
Numer inwentarzowy Status udost. Data inwentaryzacji Lokalizacja Sygnatura
T.15478-22014-03-14TT.15478